[Event "CB-Emu swiss"]
[Site "?"]
[Date "2017.04.05"]
[Round "2"]
[White "Super Expert C, Novag"]
[Black "Chess 7.5, C64."]
[Result "1-0"]
[WhiteElo "2140"]
[BlackElo "1600"]
[Annotator "Komodo 10.3 32-bit (60s)"]
[PlyCount "91"]
[EventDate "2017.??.??"]

{C86: Spanische Partie (Englischer Angriff)} 1. e4 e5 2. Nf3 Nc6 3. Bb5 a6 4.
Ba4 Nf6 5. O-O Be7 6. Qe2 {und damit ist Schwarz aus dem Buch} b5 7. Bb3 Bb7 8.
d3 {erster berechneter Zug vonWeiss} (8. c3 d5 9. d4 dxe4 10. Nxe5 O-O 11. Rd1
Qc8 12. Nd2 Bd6 13. f4 exf3 14. Ndxf3 Qf5 15. Nh4 Qc8 16. Rf1 Nxe5 17. dxe5
Bc5+ 18. Be3 Bxe3+ 19. Qxe3 Nd5 20. Qg3 Ne7 21. Rae1 c5 22. e6 c4 {Ninov,N 
(2543)-Arnaudov,P (2453) Bankia 2011 1-0}) 8... h6 $146 (8... O-O 9. a4 Na5 10.
Nxe5 Nxb3 11. cxb3 d5 12. axb5 axb5 13. Rxa8 Qxa8 14. Bg5 Re8 15. Rc1 dxe4 16.
d4 b4 17. Bxf6 Bxf6 18. Rxc7 Bxe5 19. dxe5 Ba6 20. Qd2 Bd3 21. Qc1 Qd5 22. Re7
Ra8 23. h3 {Haase,J-Meister,G corr., BdF, 2.BK/Gr12 Br2 1997 0-1 (33)}) 9. Nc3
O-O 10. Be3 d6 {Der Gegner darf nicht nach c5} 11. a4 (11. Nd5 Re8 $11) 11...
b4 (11... Na5 12. Ba2 b4 13. Nb1 $11) 12. Nd5 Nxd5 13. Bxd5 Qd7 14. a5 (14. c3
Rab8 $11) 14... Kh7 (14... Nd8 15. Bxb7 Nxb7 16. Rfc1 $11) 15. Rfc1 (15. c3
Rab8 $14) 15... f5 16. Bd2 (16. c3 Rab8 $11) 16... Rab8 $11 17. Kh1 {Wie schon
in seiner letzten Partie glänzt der Super Expert nicht gerade vor Aktivität} (
17. c3 Bf6 $11) 17... g5 (17... Bf6 18. Rg1 $11) 18. h3 g4 19. hxg4 fxg4 {
Das Aufreissen der Königsstellung kann einfach nicht gut gewesen sein...} 20.
Nh2 {De3 dazwischen zu schalten sieht besser aus.} (20. Qe3 Rf6 21. Nh2 $11)
20... Bc8 $4 {der erste wirkliche Fehler des Atkins-Programms. Hire war Sd4
angesagt.. danach kann Schwarz alle Träume begraben} (20... Nd4 $5 21. Qxg4
Qxg4 22. Nxg4 Bxd5 23. exd5 h5 $17) 21. Be3 {Irgendwie werde ich aus den Super
Experts nicht schlau. Was sprach gegen 21. Lxc6 Dxc6 22. Sxg4 mit weißem
Vorteil?} (21. Bxc6 Qxc6 22. Nxg4 Bxg4 23. Qxg4 Qe8 $14) 21... h5 (21... Nd4
22. Bxd4 exd4 23. Bb3 $11) 22. Bb3 {Antipositionell... Folgerichjtig wäre
jetzt gewesen mit 22. f3 die Reste der schwarzen Königsstellung anzuknabbern.}
(22. f3 Nd4 23. Bxd4 exd4 24. fxg4 c6 $16) 22... Bb7 (22... Nd4 23. Bxd4 exd4
24. g3 $11) 23. Kg1 {Wieder war f3 angesagt. Mit Nichtstun gewinnt man
eigentlich keine Partien. Nicht mal gegen einen so schwachen Gegner wie Chess
7.5} (23. c3 $5 $14 {kommt in Betracht}) 23... Nd4 $11 24. Bxd4 exd4 {
Sämtliche Vorteile, die der Weisse mal gehabt haben mag, sind im Nirwana
gelandet..} 25. Rf1 Bg5 26. Rfd1 $2 (26. g3 $142 $5 $11 {ist eine Alternative})
26... Qg7 $17 27. Rdb1 $2 (27. Nf1 Rbe8 $19) 27... Bc6 {Eine grauenvolle
Vorstellung, die der "Experte" hier gibt. Die Bauern b4 und d4 blockieren den
gesamten Damenflügel. Der Sh2 ist nutzlos. Der Lb3 würde am Königsflügel
gebraucht werden und kommt nicht rüber und Weiss zieht nur noch sinnlos mit
dem Turm auf der Grundlinie herum und wartet auf seine Hinrichtung. Vielleicht
sollte ich nur noch Schwarz ziehen lassen und warten wann es matt wird. Und
ich hatte mir so vorgenommen in dieser Runde kein Novag-Bashing zu betreiben...
} (27... Qe5 $142 $5 28. Rf1 d5 $19) 28. Re1 Bd7 (28... Rbe8 29. Ba4 Bxa4 30.
Rxa4 $17) 29. Bc4 {Bringt überhaupt nichts. VIel wichtiger wäre es gewesen den
Sh2 via f1 nach g3 zu überführen.} Ra8 30. Bd5 {Wieder war Sf1 besser} (30. Rf1
Bh6 $17) 30... c6 31. Bb3 {Drei Tempi für die Tonne und nix erreicht...} Qe5
32. Ra4 $4 {Bis in Denktiefe 9 vorstoßen und die Angriffszüge eines MK II
machen.... und es geht weiter bergab} (32. Rf1 d5 $17) 32... Rab8 {nach 33. ...
c5 wäre der Damenflügel komplett dicht.} (32... Bf4 {ist genauer} 33. Nf1 g3
34. f3 $19) 33. Bc4 $4 {Weiß bricht völlig ein} (33. Rf1 Kg7 $19) 33... c5 {
Dann eben jetzt...} (33... Rf6 $142 {ließe Weiß keine Chance} 34. Kh1 Rbf8 $19)
34. Raa1 Ra8 (34... Rf6 $142 35. Rf1 Bc6 $19) 35. Nf1 $4 (35. Rf1 $15) 35...
Be6 {h4 hätte mir hier bedeutend besser gefallen} (35... Rf6 $142 {sichert den
Gewinn} 36. Qd1 Raf8 $19) 36. Bxe6 $11 Qxe6 37. Ng3 Qe8 $2 {Ein Fehler. Die
Dame gehört nach e5. Nun kann der Super Expert seinerseits mit 38. e5
durchbrechen.} (37... Qg6 38. Nf5 $11) 38. e5 {und man sollte es nicht glauben,
aber er tut es sogar.} d5 39. e6 {Auf den muss Schwarz aufpassen} Bf4 40. e7
Rg8 $4 {erneut ein Fehler. Nun bricht das C64-Programm ein. Tf6 hätte die
Stellung gerade noch gehalten.} (40... Rf6 $142 $14 {war noch möglich}) 41. Qe6
$18 Bxg3 (41... h4 {ist noch eine dünne Chance} 42. Nf5 g3 43. fxg3 hxg3 $18)
42. fxg3 b3 43. cxb3 Ra7 44. Qf5+ Rg6 45. Re6 Ra8 46. Rf1 {und damit ist die
Partie dann doch (endlich) vorbei. Der Novag gewinnt dank freundlicher
Unterstützung von Chess 7.5 doch noch die Partie. Kein verdienter Sieg, aber
ein Sieg.} (46. Rf1 Kh6 47. Qxd5 Rxe6 48. Qxe6+ Qg6 49. Rf6 Qxf6 50. Qxf6+ Kh7
51. Qf8 Rxf8 52. exf8=Q Kg6 53. Qe7 c4 54. bxc4 Kf5 55. Qd6 Kg5 56. Qe6 h4 57.
gxh4+ Kf4 58. c5 Kg3 59. Qd6+ Kxh4 60. Qh6+ Kg3 61. Qh2#) 1-0

[Event "CB-Emu swiss"]
[Site "?"]
[Date "2017.04.06"]
[Round "2"]
[White "Sensory Chess Challenger 9, Fidelity"]
[Black "Diablo 68000, Novag"]
[Result "0-1"]
[WhiteElo "1710"]
[BlackElo "2200"]
[Annotator "Komodo 10.3 32-bit (60s)"]
[PlyCount "80"]
[EventDate "2017.??.??"]

{A04: Holländisches System ohne Übergang in andere Systeme} 1. Nf3 c6 {Hier
will der Diablo wohl über Zugumstellung in die Caro-Cann-Eröffnung.
Dummerweise erkennt der Sensory 9 das nicht und beginnt zu rechnen.} 2. Nc3 {
womit dann auch der Diablo aus dem Buch geworfen wäre...} (2. b3 d6 3. Bb2 Bg4
4. e4 Nd7 5. h3 Bh5 6. d4 Qc7 7. Nbd2 e6 8. Bd3 Ngf6 9. O-O Be7 10. Re1 Bg6 11.
Qe2 d5 12. c4 O-O 13. exd5 Bxd3 14. Qxd3 cxd5 15. c5 a5 16. a3 b6 {Khoperia,Z 
(2350)-Dmitriev,I (2450) Pardubice 1995 1/2-1/2}) 2... d5 $146 (2... g6 3. d4
d5 4. h3 Nf6 5. Bd2 Bg7 6. e3 Nbd7 7. b4 Qc7 8. Bd3 O-O 9. Rb1 b6 10. a4 Re8
11. O-O e5 12. dxe5 Nxe5 13. Nxe5 Qxe5 14. f4 Qe7 15. Qf3 Ne4 16. Nxe4 dxe4 17.
Qe2 {Plietz,B-Meltz,T Griesheim 1998 0-1 (36)}) (2... f5 3. d3 Nf6 4. e4 d6 5.
g3 e5 6. Bg2 h6 7. Nh4 fxe4 8. Nxe4 Be6 9. O-O d5 10. Nxf6+ Qxf6 11. f4 Bc5+
12. Kh1 O-O 13. fxe5 Qxe5 14. Bf4 Rxf4 15. gxf4 Qxb2 16. f5 Bf7 17. f6 {
Jatzko,R-Benz,A Spree 1997 1-0}) 3. e3 {Mit 3. e4 hätte man nun noch zur
Caro-Cann-Eröffnung übergehen können. Nun jedoch wird es was eigenes...} Nf6 4.
Be2 (4. d4 g6 $11) 4... e6 (4... Bf5 5. Nh4 Bg6 6. d3 $11) 5. O-O {mit diesem
zaghaften Aufbau wird Weiss wenig gegen das schwarze Zentrum erreichen können.}
Bd6 6. d4 b6 7. Ne5 {etwas zu impulsiv. Weiss sollte seine Stellung mit Ld3
oder b3 ausbauen.} Qc7 (7... O-O 8. Rb1 $11) 8. f4 Ba6 {ob das wirklich Sinn
macht? Der Springer bewirkt nach dem Abtausch auf a6 wenig und wird sich
wieder über b8 nach d7 umgruppieren müssen.} 9. Bxa6 Nxa6 {Das Stellungsbild
hat Anleihen der Reti-Eröffnung. Aber naja... früher nannte man alles Reti was
keiner kannte...} 10. Qe2 Nb8 11. e4 (11. g4 h6 $11) 11... O-O 12. Nxf7 {
Mutig. Stellungsgemäßer war exd5. Der Textzug schwächt die Bauernstellung} (12.
exd5 exd5 13. a3 b5 $11) 12... Qxf7 13. e5 Be7 14. exf6 Bxf6 15. Be3 Nd7 16.
Bf2 {Auch wenn der weisse Aufbau etwas gekünstelt wirkt, kann man nicht sagen,
dass Schwarz irgendwelche gravierenden Vorteile hätte. Ein richtiges Konzept
lässt sich hier schwer finden.} Rae8 17. Qa6 Nb8 {und erneut muss der Springer
zurück auf sein Stammfeld.} 18. Qd3 Qe7 (18... Be7 19. g3 $11) 19. Rae1 Qb4
20. Rb1 (20. b3 Nd7 $11) 20... Nd7 21. a3 Qd6 22. Be3 a5 $6 {22. ...c5 wäre
die einzige Möglichkeit gewesen jetzt irgendetwas zu erreichen.} 23. Rf3 Be7 {
Wieviel Figuren braucht es denn noch um c5 vorzubereiten...} (23... b5 24. Nd1
$11) 24. Rbf1 (24. Re1 Bf6 $11) 24... Rf7 (24... Nf6 25. Re1 $11) 25. Rh3 (25.
Re1 Qc7 $11) 25... Nf6 26. Na4 {26. f5 war überzeugender. Trotzdem sehenswert
dass nun auf einmal Weiß angreift. Wenns der Diablo schon nicht macht..} (26.
g3 c5 $15) 26... Bd8 (26... Qb8 27. g3 $11) 27. Qa6 {Mit 27. Sc3 hätte Weiss
nun versteckt eine Zugwiederholung anbieten können. Aber er will mehr... und
leider zuviel} (27. Nc3 Qd7 $11) 27... Qb8 28. Nc3 Bc7 29. Qd3 b5 {Es lebt! Es
lebt!} 30. a4 (30. Nb1 a4 $11) 30... bxa4 {Auf den ersten Blick gefällt mir 30.
...b4 besser.} 31. Nxa4 Ne4 {e4 ist ein Paradefeld für den Springer} 32. Qa6 $2
{Doch noch ein Fehler. Endlich zeigt der Sensory 9 die masochistische Ader,
die man braucht um gegen einen Novag zu verlieren... (Sorry, ich konnte es mir
nicht verkneifen... der musste raus...)} (32. g3 $5 $11 {lohnt die Prüfung})
32... Bxf4 $17 33. Bxf4 Rxf4 34. c3 $4 {verschlechtert die Stellung weiter} (
34. Rhf3 $142 Rxf3 35. gxf3 $17) 34... Rxf1+ $19 35. Qxf1 e5 (35... Qb3 {
erleichterte Schwarz die Gewinnführung} 36. Nc5 Nxc5 37. dxc5 Qxb2 38. Qd3 Qc1+
39. Qf1 $19) 36. Qf5 $4 {ein Ende mit Schrecken} (36. Qd1 $19) 36... Nf6 37.
Qf2 {Td3 hätte es dem Diablo schwerer gemacht} (37. Re3 {die letzte Gegenchance
} exd4 38. Rxe8+ Qxe8 39. Kf1 $19) 37... exd4 38. cxd4 Qb4 39. Nc3 {und das
war wohl der letzte Fehler...} (39. Re3 {hätte noch versucht werden können} Re4
40. h3 Qxa4 41. Re1 Qxd4 42. Qxd4 Rxd4 43. Kh2 $19) 39... Ng4 40. Re3 Rxe3 {
und das Spiel ist vorbei. Trotzdem, ich bleibe dabei... es braucht einen
gewissen Masochismus...} (40... Rxe3 41. Qxe3 Nxe3 42. Kf2 Qxb2+ 43. Kxe3 Qxc3+
44. Kf4 Qxd4+ 45. Kf3 a4 46. Kg3 a3 47. Kh3 a2 48. g4 a1=Q 49. Kh4 Qf2+ 50. Kh5
Qxh2+ 51. Kg5 Qf6#) 0-1

[Event "CB-Emu swiss"]
[Site "?"]
[Date "2017.04.07"]
[Round "2"]
[White "Complete Chess System, DOS."]
[Black "Elite A/S Budapest, Fidelity"]
[Result "1-0"]
[WhiteElo "2200"]
[BlackElo "1800"]
[Annotator "Komodo 10.3 32-bit (60s)"]
[PlyCount "79"]
[EventDate "2017.??.??"]

{A54: Altindisch} 1. d4 Nf6 2. c4 d6 3. Nc3 e5 4. Nf3 Nbd7 5. Bg5 Be7 6. Qc2
exd4 {Alt-Indisch. sieht man heutzutage auch nicht mehr so oft. Beide Gegner
simd nun aus dem Buch} (6... c6 7. O-O-O Qa5 8. h4 h6 9. Bd2 Qc7 10. e3 Ng4 11.
Be1 Ndf6 12. Bd3 a6 13. Kb1 Be6 14. Ne4 b5 15. dxe5 dxe5 16. Nxf6+ gxf6 17. Bf5
Qc8 18. Bxe6 Qxe6 19. h5 f5 20. Ba5 bxc4 21. Rd2 {Christiansen,L (2575)
-Yermolinsky,A (2590) Key-West 1994 1/2-1/2 (66)}) 7. Nxd4 O-O (7... g6 8.
O-O-O O-O 9. f3 c6 10. h4 d5 11. cxd5 Nxd5 12. Bxe7 Qxe7 13. Nxd5 cxd5 14. h5
Ne5 15. Qd2 Nc6 16. hxg6 fxg6 17. e4 Qc5+ 18. Nc2 dxe4 19. b4 Qe7 20. b5 Ne5
21. Qd5+ Kh8 22. Qd4 {Karim,I (2405)-Lind,J (2219) Caleta 2012 1/2-1/2 (102)})
8. e3 Ne5 9. Be2 $146 (9. O-O-O Nfd7 10. h4 h6 11. Bxe7 Qxe7 12. Nd5 Qd8 13. e4
Nc5 14. Be2 Nc6 15. g4 Nxd4 16. Rxd4 c6 17. Nf4 Qe7 18. f3 Ne6 19. Nxe6 Bxe6
20. Kb1 Rad8 21. Qd1 a6 22. f4 b5 23. cxb5 axb5 {Taras,I-Sebe Vodislav,R (2203)
Calimanesti 2000 0-1}) 9... c5 {Der Vorstoß kommt etwas verfrüht. Besser waren
h6 oder Ld7} (9... Ng6 $5 $11) 10. Nf5 $16 Bxf5 11. Qxf5 h6 12. Bf4 Ng6 {
Kann man natürlich spielen, einerseits als Angriff gegen f4, andererseits als
Sicherungszug wegen der Schwäche des Feldes h7. Besser gefallen hätte mir
jedoch Dc8. Ein Problem dieser Eröffnung ist die Tatsache, dass Schwarz sehr
beengt steht. Zudem ist natürlich der Bauer auf d6 eine dauerhafte Schwäche.
Nicht die beste Wahl gegen einen solch starken Gegner. wie das CCS. Aber der
Budapest weiss das natürlich nicht.} 13. Bg3 Qc7 {Wieder war Dc8 besser um
einen Entlastungstausch der Damen anzustreben.} (13... Ne8 14. Bd3 $16) 14. O-O
Qd7 {Wieder war Dc8 vorzuziehen. Diesmal weil nach dem Tausch das Feld d5 noch
überdeckt wäre...} (14... Qc8 15. Qc2 $16) 15. Qxd7 Nxd7 16. Rfd1 {Ich hatte
mein Augenmerk nur auf 16. Sd5 gerichtet (siehe vorherige Bemerkung). Der Plan
sofort die Schwäche d6 anzugehen ist allerdings genauso gut.} Nde5 17. Rd2 {
Satte 10 Minuten hat das CCS an diesem Zug gerechnet. Eine Alternative Idee
war erstmal den Bauern c4 zu befestigen (17. b3). Aber Weiss will keine Zeit
verschwenden.} f5 18. Rad1 (18. f4 Nc6 $18) 18... Kh7 (18... f4 19. exf4 Nxf4
20. Bxf4 Rxf4 21. Nd5 $16) 19. f4 Nf7 (19... Ng4 20. Nd5 Nf6 $18) 20. Bd3 $1 {
Ein ruhiger aber positionell starker Zug.} Bh4 $2 {Nicht die beste Idee. Sd8
erscheint stärker. Aber es ist für Schwarz in dieser Stellung schon schwer
überhaupaupt gute Züge zu finden.} (20... Bf6 21. Bxf5 Bxc3 22. bxc3 h5 $18)
21. Bxf5 Bxg3 22. hxg3 Rae8 23. Be4 a6 {Besser b6. Die Idee ist natürlich dass
nach Lxb7 ein schwarzer Turm nach e3 eindringen kann. Aber davor muss Weiss
keine Angst haben...} 24. Bxb7 Rxe3 (24... Ne7 {ändert nichts am Ausgang der
Partie} 25. Re2 $18) 25. Kf2 {...quod errat demonstrandum} Re7 26. Bxa6 (26.
Be4 $142 $5 {lässt dem Gegner kaum Chancen} Re6 27. Kg1 Ree8 $18) 26... Ra7 (
26... h5 27. Bb5 $18) 27. Bb5 Ne7 28. Ba4 Ne5 $6 {An der Stelle hätte man
jetzt vielleicht mal den König aus der Diagonale genommen.} (28... g5 29. Bc2+
Kg7 $18) 29. Bc2+ g6 $6 {Ich will es nicht unbedingt einen Fehler nennen, aber
leichter macht Schwarz es sich damit nicht....} 30. Rxd6 Nxc4 $2 {erleichtert
Weiss die Aufgabe. Sf5 war definitiv die bessere Wahl.} (30... Nf5 {hilft auch
nicht mehr} 31. Bxf5 Rxf5 32. Re6 Nxc4 33. b3 $18) 31. Rd7 $1 Rfa8 32. Nb5 $1 {
Diesen Zug hatte Schwarz entweder übersehen oder nicht ausreichend analysiert,
als er auf c4 geschlagen hat. Der Springer ist nicht zu halten.} (32. Na4 {
wäre im Gewinnsinne präziser} Kg8 33. b3 Na5 34. Nxc5 Nac6 $18) 32... Rxd7 33.
Rxd7 Rxa2 34. Rxe7+ Kh8 35. Nc3 Rxb2 36. Re2 g5 37. Na4 $1 {Weiss will die
Diagonale behalten, muss aber gleichzeitig seinen Turm vom Lc2 entbinden.} Rb5
(37... Ra2 {wäre gleichermaßen fruchtlos} 38. Nxc5 gxf4 39. gxf4 $18) 38. Re6 (
38. f5 $142 $5 {damit würde Weiß es sich noch erleichtern} Kg8 39. Bd3 Rb4 40.
Nxc5 Kf7 $18) 38... Na3 (38... gxf4 {ändert nichts mehr} 39. gxf4 Kg7 40. Rc6
$18) 39. Be4 Kg7 40. Rg6+ {An dieser Stelle für Weiss als gewonnen erklärt.
Nach 40. ...Kf8 (oder Kf7) 41. Txh6 gxf4 42. gxf4 entscheiden die verbundenen
Freibauern das Spiel. Gegen den Freibauern auf c5 kann Weiss jederzeit seine
Mehrfigur opfern. Insgesamt ein sehr schönes Spiel. Auch der Budapest hat sich
gut verteidigt. Den Verlust verdankt er wohl eher den durch das
Eröffnungsmodul CB16 geschaffenen Voraussetzungen.} (40. Rg6+ Kf8 41. Rxh6 gxf4
42. gxf4 $18) 1-0